00636 a2200181 4500010001400000020002300014035001300037037001600050082001000066090001700076245002800093260004500121270008300166300003200249942002500281999001700306952013100323 aENG-89875 a8124114032c150.00 aEN-73408 bDBAD / PUB14a540.3 c11894d118941 aDictionary of chemistry aNew DelhibHar-Anand Publicationsc2008 aE-49/3, Okhla Induatrial Area, Phase-IIbNew Delhie110020k41603490l41708607 a191p.:c22 cm. (Pbk.)bill. adplcENk540.3 / DIC c11540d11540 00102ddc40718NFICaDBADbDBADeDBAD/PUBg150.00l0o540.3pEN-73408r2008-09-15 00:00:00t1u12654v150.00w2008-09-15yEN